000 00688nam a22002177a 4500
003 OSt
005 20260512111553.0
008 260512b |||||||| |||| 00| 0 eng d
020 _a0-02-655609-X
040 _cChuka University Library
050 _aMT 875
_b.C467 1999 C.1
100 _aTower G. Mollie
_924231
245 _aChoral Connections
_bTreble Voices
250 _aSecond
260 _aNew York Carlifornia Ohio Illinois
_bGlencoe McGraw-Hill
_c1988
300 _a252
_bIllustrations
650 _aChoral Singing Instruction and study
_924232
650 _aChoruses (Treble Voices)
_924233
700 _aSusan Synder (Consulting Author)
_924234
942 _2lcc
_cBK
_eSecond
_n0
999 _c21952
_d21952